Score 0/28 Timer 05:00
7 Plays Today
% Correct
'Well I’m the only one here.'
80.3%
Shark
77.1%
7
76.3%
Lightbulb
75%
A nun
74.5%
500,000
74%
Cobra
73.9%
A Heart Attack
73.6%
2
73.6%
Cribs
73.4%
The Godfather
73.4%
Scranton
71.8%
Sin
71.6%
Meat Loaf
71.5%
% Correct
Cellist
71.4%
He doesn't say anything
71.4%
Sparta
71.3%
Cat
71.1%
Prince
70.6%
The End
68.4%
Magnum
68%
'A Pen'
63.5%
GO
63.5%
Ghost
62.8%
Asp
61.9%
Electro
61.3%
Cosmos
58.3%
Fox
57.5%
Remove Ads.
Support Sporcle.
Get the best of Sporcle when you Go Orange. This ad-free experience offers more features, more stats, and more fun while also helping to support Sporcle. Thank you for becoming a member.

You're not logged in!

Compare scores with friends on all Sporcle quizzes.
OR
Log In

Show Comments

Extras

Top Quizzes Today


Score Distribution

Your Account Isn't Verified!

In order to create a playlist on Sporcle, you need to verify the email address you used during registration. Go to your Sporcle Settings to finish the process.

Report this User

Report this user for behavior that violates our Community Guidelines.

Details: